Music Quiz

Random Music or Disney Quiz

Peter and the Wolf Quiz Stats

 Plays Quiz Updated Jan 19, 2012

Score 0/7 Timer 02:00
0 Plays Today
Character Instrument % Correct
BirdFlute
96.4%
DuckOboe
78.5%
CatClarinet
77.6%
WolfHorns
62.5%
GrandfatherBassoon
58.7%
HuntersWoodwinds and Timpani
38.5%
PeterStrings
33.3%

You're not logged in!

Compare scores with friends on all Sporcle quizzes.
OR
Log In

Sporcle TV

Today on Sporcle TV


Watch our educational content, quiz creation guides, and fun videos on Sporcle TV.

Show Comments

Extras

Top Quizzes Today


Score Distribution

Your Account Isn't Verified!

In order to create a playlist on Sporcle, you need to verify the email address you used during registration. Go to your Sporcle Settings to finish the process.

Report this User

Report this user for behavior that violates our Community Guidelines.

Details: